00718 2200277 4500001002100000008004100021035002000062245008900082100002000171260003100191300003000222020001800252084001600270082001000286650002400296990001200320990001200332990001200344990001200356990001200368990001200380990001200392990001200404990001200416990001200428INLIS000000000015682 ind  a0010-0323000130 aArif Berprestasi untuk Sekolah dasar Kelas 4cChristiana Umi; editor, Ninuk Purwanti aCHRISTIANA, Umi aJakarta :bGrasindo,c2018 av, 236 hal.: ilus.c28 cm a9786020504841 a153.9 CHR a a153.9 aINTELIGENSI MANUSIA a10434 a a10434 b a10434 c a10434 d a10434 e a10434 f a10434 g a10434 h a10434 i a10434 j